LEADER 01404nam a2200337 a 4500 001 000000127808 003 CaOOAMICUS 005 20120228112141.0 008 120228s2010 vc u000 u ita r 020 $a978-88-209-8440-3 040 $aPUL$bita 041 1 $aita$hfre 082 04$a230.092 100 1 $aHonoré, Jean.$0(OLS)http://pul/name/18540 240 10$aAphorismes de Newman.$lItaliano.$0(OLS)http://pul/title/161504 245 14$aGli aforismi di Newman /$ccard. Jean Honoré. 260 $aCittà del Vaticano :$bLibreria editrice vaticana,$c2010. 300 $a230 p. ;$c21 cm. 504 $aBibliografia in nota. 600 04$aIohannes Henricus Newman,$cs.,$d1801-1890.$0(OLS)http://pul/subject/4993 850 $aPUL 852 $aPUL$W1$xSL Religione 3$y85$m230. 092 HONJE 1$j147879$qDDC 21$B146493$CPULBib$Z2$F146493 $H115427 $82 941 1 $a9 960 $aNewman, John Henry,$ccard.,$d1801-1890$94993 960 $aIoannes Henricus Newman,$cs.,$d1801-1890$94993 960 $aJohannes Henricus Newman,$cs.,$d1801-1890$94993 996 $6020$a978-88-209-8440-3$9(OLS)http://pul/number/149025 996 $6082$a230.092$9(OLS)http://pul/classification/553 996 $6245$aGli aforismi di Newman$9(OLS)http://pul/title/161505 996 $6260$aCittà del Vaticano :$bLibreria editrice vaticana$9(OLS)http://pul/publisher/47920 LEADER 01505nam a2200301 a 4500 001 000000156755 003 CaOOAMICUS 005 20161128093041.0 008 161128s1954 wiu u000 u lat r 032 $aLibriCat 040 $aPUL$bita 100 1 $aBudzik, Gratianus,$cO.F.M.$0(OLS)http://pul/name/99977 245 10$aDe conceptu legis ad mentem Joannis Duns Scoti /$cP. Gratianus Budzik, O.F.M. 260 $aBurlington, Wisconsin (U.S.A.) :$b[s.n.],$c1954. 300 $aXII, 67 p. ;$c24 cm. 502 $aEstratto da tesi -- Pontificium Athenaeum Antonianum. Facultas Philosophica. 1953. 504 $aBibliografia in nota. 600 14$aDuns Scotus, Iohannes,$cb.,$d1266-1308$xCritica e interpretazione.$0(OLS)http://pul/subject/4851 710 2 $aPontificio Ateneo Antoniano.$bFacoltà di Filosofia.$kTesi.$0(OLS)http://pul/name/99829 850 $aPUL 852 $aPUL$W1$xDP1 Tesi Pon. At. Antonianum$y30$mTH ANT PH28$j180049$qTesi$B183172$CPULBib$Z2$F183172 $H18144 $82 910 $aPontificia Università Antonianum.$bFacoltà di filosofia.$kTesi$999829 910 $aPontificia Università Antonianum.$bFacoltà di filosofia.$kTesi$999829 910 $aPontificium Athenaeum Antonianum.$bFacultas philosophiae.$kTesi$999829 941 1 $a16 996 $6245$aDe conceptu legis ad mentem Joannis Duns Scoti$9(OLS)http://pul/title/196365 996 $6260$aBurlington, Wisconsin (U.S.A.) :$b[s.n.]$9(OLS)http://pul/publisher/85690